Statistics for Countries Most Similar To Chad

Click here to take the quiz!

General Stats

  • This quiz has been taken 27 times
  • The average score is 15 of 20

Answer Stats

RankCountryScore% Correct
2Mali75.9
100%
6Mauritania71.9
100%
11South Sudan69.3
100%
3Sudan74.4
100%
1Niger79.7
93%
16Republic of the Congo67.7
86%
19Angola66.4
79%
4Burkina Faso73.9
79%
7Cameroon71.1
79%
13Somalia68.7
79%
5CAR72.4
71%
15Eritrea68.3
71%
18Ivory Coast66.7
71%
8Senegal70.9
71%
9Benin70.2
64%
14Guinea68.7
64%
10Togo70
64%
20Djibouti65.7
57%
12Burundi69.3
50%
17DRC66.9
43%

Score Distribution

Percentile by Number Answered

Percent of People with Each Score

Your Score History

You have not taken this quiz